00943nam a2200265 i 450000100060000000300090000600500170001500700030003200800410003502000180007610000320009424501500012626000370027630000220031349000200033550000140035565000270036965000390039670000220043570000310045783000280048885200220051699900170053895201220055566140ES-MaACL20250828000014.0t|040128s1984 sp |||| | spa d a84-301-0463-11 aGadamer, Hans Georg.95318210aVerdad y método b: fundamentos de una hermenéutica filosófica /cHans-Georg Gadamer ; [tradujeron, Ana Agud Aparicio y Rafael de Agapito]. aSalamanca : bSígueme, c1984. a687 p. ; c22 cm.1 aHermeneia ; v7 aÍndice. 4aHermenéutica.91332904aHumanidades-xMetodología9134991 aAgud, Ana.9186431 aAgapito, Rafael de.9185320 aHermeneia ; v79180905 aES-MaACLjL-11437 c66140d66140 00104070aATENEOMbATENEOMcDEPO2d2008-01-17eSCl0oL-11437p1069298r2023-02-23 00:00:00w2023-02-23yMONOGRAFIA